La minería sustentable del milenio

Saved in:
Bibliographic Details
Main Author: Krom, Beatriz Silvia (Author)
Format: Book
Language:Spanish
Published: Buenos Aires Estudio 2000
Subjects:
Tags: Add Tag
No Tags, Be the first to tag this record!

MARC

LEADER 00000nam a2200000 a 4500
001 UCI5453
003 CL-VaPUC
008 080328e20000000AG |||||||||||||||||spa|d
020 |a 9508970766 
082 0 4 |a 333.85  |b KRO  |2 21 
100 |a Krom, Beatriz Silvia  |e author  |9 527843 
245 1 3 |a La minería sustentable del milenio 
300 |a 586 p 
942 |c BK 
945 |d 20080328 00:00:00  |a jtorresc 
260 |a Buenos Aires  |b Estudio  |c 2000 
650 0 |a Industria minera  |9 260256 
650 0 |a Desarrollo sustentable  |9 333905 
650 0 |a Productividad   |9 335972 
650 7 |a RECURSOS MINERALES  |2 CL-VaPUC  |9 351120 
650 0 |a Cobre  |9 255767 
583 |a last modification  |c 20080328 00:00:00  |k Rodrigo Vera 
999 |c 329194  |d 329192 
952 |0 0  |1 0  |4 0  |6 333_850000000000000_KRO_2000  |7 0  |8 A  |9 413562  |a BIBING  |b BIBING  |d 2019-11-22  |i 4420950  |l 1  |o 333.85 KRO 2000  |p 4420950  |r 2025-01-20  |s 2024-06-04  |w 2019-11-22  |y BK  |k GEO